000 00415nam a2200169Ia 4500
003 OSt
005 20240223145912.0
008 170619s9999 xx 000 0 und d
020 _a8125909303
040 _cIIMT ENGINEERING COLLEGE
100 _aEaswara Kumar
245 0 _aObject Oriented Data Structures Using C++
260 _bNew York: Vikas Pub.
260 _c2003
546 _aENGLISH
942 _2ddc
_c01
999 _c17538
_d17538